| 000 | 00949nam0a22002411i 4500 | ||
|---|---|---|---|
| 001 | rc\3582888 | ||
| 005 | 20240723224805.0 | ||
| 021 |
_aRU _b[73-17405а] |
||
| 035 | _a(NLR Aleph) 007698201 | ||
| 090 |
_a6716281 _c6716281 |
||
| 100 | _a20130115d1973 |||y0rusy50 ca | ||
| 101 | 0 | _arus | |
| 102 | _aRU | ||
| 105 | _aa d ||||| | ||
| 200 | 1 |
_aКартографирование подземных коммуникаций _e(На примере г. Узбекистана) _eАвтореф. дис. на соиск. учен. степени канд. техн. наук _e(05.24.01) _fКиев. инж.-строит. ин-т |
|
| 210 |
_aКиев _d1973 |
||
| 215 | _a20 с., 1 л. схем. | ||
| 320 | _aСписок работ авт.: с. 18-20 (20 назв.) | ||
| 700 | 1 |
_aПлахтий _bА.К. _gАнатолий Константинович |
|
| 801 | 0 |
_aRU _bNLR _gpsbo |
|
| 801 | 1 |
_aRU _bELAR _2rusmarc |
|
| 852 |
_aNLR _j73-4/35509 |
||
| 942 | _cBOOK | ||